000 00521nam a2200169 a 4500
001 000028787
005 20200930055133.0
008 110412s2004 dr 000 0 spa d
040 _aDO-SdBNP
_bspa
_cBNPHU
090 _axxx
_bR426r
110 1 _aRepública Dominicana
_9447
240 1 0 _a[Leyes, etc.]
245 1 0 _aResoluciones turísticas para trasporte turístico (T. T.).
260 _aSanto Domingo :
_bSecretaría de Estado de Turismo,
_c2004.
300 _a40 p. ;
_c21 cm.
730 0 _aReglamento No. 2118
_955769
999 _c28279
_d28279